Štrukturálne trendy a riziká v bankovom sektore
Stručná analýza bankového sektora SR. Hlavné štrukturálne trendy v bankovom sektore, ktoré sa týkajú zdrojov bankových činností a hlavných investičných aktivít. Analýza finančného zdravia bankového sektora, teda schopnosť bánk tvoriť zisk a vytvárať kapitál na krytie rizík. Hlavné riziká vyplývajúce...
Salvato in:
| Autore principale: | |
|---|---|
| Altri autori: | , |
| Natura: | Capitolo di libro |
| Lingua: | slovacco |
| Soggetti: | |
| Tags: |
Nessun Tag, puoi essere il primo ad aggiungerne!!
|
MARC
| LEADER | 00000naa$a2200000$$$4500 | ||
|---|---|---|---|
| 001 | 0036882 | ||
| 005 | 20231116082104.4 | ||
| 041 | 0 | |a slo | |
| 044 | |a SK | ||
| 245 | 1 | 0 | |a Štrukturálne trendy a riziká v bankovom sektore |c Pavol Jurča, Marek Ličák, Štefan Rychtárik |
| 520 | |a Stručná analýza bankového sektora SR. Hlavné štrukturálne trendy v bankovom sektore, ktoré sa týkajú zdrojov bankových činností a hlavných investičných aktivít. Analýza finančného zdravia bankového sektora, teda schopnosť bánk tvoriť zisk a vytvárať kapitál na krytie rizík. Hlavné riziká vyplývajúce z bankových činností, ktoré sú podrobené stresovému testovaniu. | ||
| 610 | 2 | 0 | |a reformy štruktúrne |
| 610 | 2 | 0 | |a bankovníctvo |
| 610 | 2 | 0 | |a reštrukturalizácia finančná |
| 610 | 2 | 0 | |a banky |
| 610 | 2 | 0 | |a Slovensko |
| 610 | 2 | 0 | |a cash flow |
| 610 | 2 | 0 | |a zdroje finančné |
| 610 | 2 | 0 | |a kapitál bankový |
| 610 | 2 | 0 | |a riziko |
| 100 | 1 | |a Jurča, Pavol | |
| 700 | 1 | |a Ličák, Marek | |
| 700 | 1 | |a Rychtárik, Štefan | |